Teaching science fiction : education for tomorrow /

Bibliographic Details
Other Authors: Williamson, Jack, 1908-2006
Format: Book
Language:English
Published: Philadelphia : Owlswick Press, [1980]
Subjects:

MARC

Tag First Indicator Second Indicator Subfields
LEADER 00000cam a2200000 a 4500
001 in00000079818
005 20151008054018.0
008 801020s1980 pau b 00100 engm
010 |a  79092642  
020 |a 0913896152 :  |c $15.00 
035 |a (OCoLC)06513075 
035 |9 AAH9354AM 
040 |a DLC  |c DLC  |d m.c.  |d TXA  |d UtOrBLW 
049 |a TXAM [Also in] [Sp Coll]  |c 1 [1701839]  |a TXAS  |c 2 [1701840] 
050 0 0 |a PN3433.7  |b .T4 
082 0 |a 809.3/876/07  |2 19 
245 0 0 |a Teaching science fiction :  |b education for tomorrow /  |c edited by Jack Williamson. 
264 1 |a Philadelphia :  |b Owlswick Press,  |c [1980] 
264 4 |c ©1980 
300 |a vii, 261 pages ;  |c 24 cm. 
336 |a text  |b txt  |2 rdacontent 
337 |a unmediated  |b n  |2 rdamedia 
338 |a volume  |b nc  |2 rdacarrier 
500 |a Includes index. 
504 |a Bibliography: pages 242-258. 
650 0 |a Science fiction  |x Study and teaching. 
700 1 |a Williamson, Jack,  |d 1908-2006. 
999 |a MARS 
999 f f |s cecd7601-6903-335f-b0be-ae71a6288555  |i dc062fc6-1e33-3294-875a-89cd30655c2c  |t 0 
952 f f |p noncirc  |a Texas A&M University  |b College Station  |c Cushing Memorial Library & Archives  |d Cushing: Science Fiction (Does not check out)  |t 0  |e PN3433.7 .T4  |h Library of Congress classification  |i unmediated -- volume  |m A14806066750 
952 f f |p ric  |a Texas A&M University  |b Rellis Campus  |c Joint Library Facility  |d Remote Storage  |t 0  |e PN3433.7 .T4  |h Library of Congress classification  |i unmediated -- volume  |m A14806178890 
998 f f |a PN3433.7 .T4  |t 0  |l Remote Storage 
998 f f |a PN3433.7 .T4  |t 0  |l Cushing: Science Fiction (Does not check out)